Como redactar cartas comerciales (Registro nro. 981)
[ vista simple ]
| 000 -CABECERA | |
|---|---|
| campo de control de longitud fija | 00669aam a2200241 4500 |
| 005 - FECHA Y HORA DE ACTUALIZACIÓN | |
| campo de control | 20190312144524.0 |
| 008 - LONGITUD FIJA | |
| campo de control de longitud fija | 150309b xxu||||| |||| 00| 0 spa d |
| 041 ## - IDIOMA | |
| Código de idioma del texto/pista de sonido o título separado | |
| 082 ## - CLASIFICACIÓN DECIMAL DEWEY | |
| Número de clasificación | 651.75 M323c |
| 100 ## - AUTOR PERSONAL | |
| Nombre de persona | Maris Alliani, Stella |
| 245 ## - TÍTULO PROPIAMENTE DICHO | |
| Título | Como redactar cartas comerciales |
| 260 ## - PIE DE IMPRENTA | |
| Lugar de publicación, distribución, etc. | Argentina |
| 260 ## - PIE DE IMPRENTA | |
| Nombre del editor, distribuidor, etc. | Valletta Ediciones |
| 260 ## - PIE DE IMPRENTA | |
| Fecha de publicación, distribución, etc. | 1998 |
| 300 ## - DESCRIPCIÓN FÍSICA | |
| Extensión | 98 páginas |
| 650 ## - Materia General | |
| Materia general | CORRESPONDENCIA |
| 650 ## - Materia General | |
| Materia general | CARTAS COMERCIALES |
| 650 ## - Materia General | |
| Materia general | CORRESPONDENCIA COMERCIAL |
| 650 ## - Materia General | |
| Materia general | CORRESPONDENCIA DE BOLSA |
| 650 ## - Materia General | |
| Materia general | CORRESPONDENCIA DE BANCA |
| 650 ## - Materia General | |
| Materia general | CARTA DE RECLAMO |
| 942 ## - Punto de Acceso Adicional Koha | |
| Tipo de ítem Koha | Libro |
| Estado perdido | Estado dañado | No para préstamo | Biblioteca permanente | Biblioteca actual | Signatura completa | Código de barras | Precio efectivo a partir del | Tipo de ítem |
|---|---|---|---|---|---|---|---|---|
| Departamento de Biblioteca y Documentación Alfonso Chase Brenes | Departamento de Biblioteca y Documentación Alfonso Chase Brenes | 651.75 M323c | 8510 | 22/09/2016 | Libro | |||
| Departamento de Biblioteca y Documentación Alfonso Chase Brenes | Departamento de Biblioteca y Documentación Alfonso Chase Brenes | 651.75 M323c | 9035 | 22/09/2016 | Libro |